Fr. Conceicao Rodrigues College of Engineering

BASIC SCIENCE-CHEMISTRY (Record no. 35957)

MARC details
000 -LEADER
fixed length control field 00418nam a2200157 4500
003 - CONTROL NUMBER IDENTIFIER
control field OSt
005 - DATE AND TIME OF LATEST TRANSACTION
control field 20230914120444.0
008 - FIXED-LENGTH DATA ELEMENTS--GENERAL INFORMATION
fixed length control field 230914b |||||||| |||| 00| 0 eng d
020 ## - INTERNATIONAL STANDARD BOOK NUMBER
International Standard Book Number 9789355854506
040 ## - CATALOGING SOURCE
Transcribing agency COMPLIMENTARY
050 ## - LIBRARY OF CONGRESS CALL NUMBER
Classification number 540
Item number 540/KHA
082 ## - DEWEY DECIMAL CLASSIFICATION NUMBER
Edition number I
Classification number 540
Item number 540/KHA
245 ## - TITLE STATEMENT
Title BASIC SCIENCE-CHEMISTRY
Statement of responsibility, etc. KHAMKAR KASHMIRI
Medium ENGLISH
260 ## - PUBLICATION, DISTRIBUTION, ETC.
Place of publication, distribution, etc. PUNE
Name of publisher, distributor, etc. TECHNICAL PUBLICATION
Date of publication, distribution, etc. 2023
942 ## - ADDED ENTRY ELEMENTS (KOHA)
Source of classification or shelving scheme Dewey Decimal Classification
Suppress in OPAC No
Koha item type BOOK
Holdings
Withdrawn status Lost status Source of classification or shelving scheme Damaged status Not for loan Collection Home library Current library Date acquired Source of acquisition Total Checkouts Full call number Barcode Date last seen Price effective from Koha item type Date last checked out
    Dewey Decimal Classification     AFT AGNEL TECHNICAL COLLEGE LIBRARY AGNEL TECHNICAL COLLEGE LIBRARY 14/09/2023 COMPLIMENTARY   540/KHA AFT8314 14/09/2023 14/09/2023 BOOK  
    Dewey Decimal Classification     AFT AGNEL TECHNICAL COLLEGE LIBRARY AGNEL TECHNICAL COLLEGE LIBRARY 14/09/2023 COMPLIMENTARY 1 540/KHA AFT8315 19/10/2024 14/09/2023 BOOK 08/02/2024